00933nam a2200253Ia 450000500170000000800410001702000150005804100080007308200160008110000300009724501080012725000220023530000250025750501040028265000540038665000390044065000220047970000280050126400270052933600270055633700330058333800280061604000350064420220316235626.0121119s2000 sp gr 000 0 spa  a84805536930 aspa04a690.1 bG831 aGil Espinosa, Juan Carlos10aGuía práctica de plomeria bgasfiteria-fontaneria cJuan Carlos Gil Espinosa, Isabel Fraile Nogales aPrimera edición a3 volúmenesc26 cm0 av. 1. Agua y gas -- v. 2. Aire acondicionado y climatización -- v. 3. Cocinas y cuartos de baño14aCalefacción y ventilación de viviendas 2LEMB14aInstalaciones de tuberías 2LEMB14aPlomería 2LEMB1 aFraile Nogales, Isabel  aMadridbCulturalc2000 atextobtxt2rdacontent asin mediaciónbn2rdamedia avolumenbnc2rdacarrier aCO-BoRNBPbspaerdacCO-BoRNBP